The next decade : (Record no. 15365)
[ view plain ]
| 000 -LEADER | |
|---|---|
| fixed length control field | 01010cam a2200277 a 4500 |
| 001 - CONTROL NUMBER | |
| control field | 17136236 |
| 005 - DATE AND TIME OF LATEST TRANSACTION | |
| control field | 20170105102916.0 |
| 008 - FIXED-LENGTH DATA ELEMENTS--GENERAL INFORMATION | |
| fixed length control field | 120126r20122011nyub 000 0 eng |
| 010 ## - LIBRARY OF CONGRESS CONTROL NUMBER | |
| LC control number | 2011501957 |
| 020 ## - INTERNATIONAL STANDARD BOOK NUMBER | |
| International Standard Book Number | 9780307476395 (pbk.) |
| 040 ## - CATALOGING SOURCE | |
| Original cataloging agency | DLC |
| Transcribing agency | DLC |
| Modifying agency | DLC |
| 042 ## - AUTHENTICATION CODE | |
| Authentication code | pcc |
| 050 00 - LIBRARY OF CONGRESS CALL NUMBER | |
| Classification number | D863 |
| Item number | .F75 2012 |
| 082 00 - DEWEY DECIMAL CLASSIFICATION NUMBER | |
| Classification number | 909.83/1 |
| Edition number | 23 |
| 100 1# - MAIN ENTRY--PERSONAL NAME | |
| Personal name | Friedman, George. |
| 245 14 - TITLE STATEMENT | |
| Title | The next decade : |
| Remainder of title | empire and republic in a changing world / |
| Statement of responsibility, etc. | George Friedman. |
| 250 ## - EDITION STATEMENT | |
| Edition statement | 1st Anchor books ed. |
| 260 ## - PUBLICATION, DISTRIBUTION, ETC. | |
| Place of publication, distribution, etc. | New York : |
| Name of publisher, distributor, etc. | Anchor Books, |
| Date of publication, distribution, etc. | 2012. |
| 300 ## - PHYSICAL DESCRIPTION | |
| Extent | xxii, 243 p. : |
| Other physical details | maps ; |
| Dimensions | 20 cm. |
| 500 ## - GENERAL NOTE | |
| General note | "Originally published in hardcover in slightly different form in the United States by Doubleday, a division of Random House, Inc., New York, in 2011."--T.p. verso. |
| 500 ## - GENERAL NOTE | |
| General note | Contains new preface. |
| 650 #0 - SUBJECT ADDED ENTRY--TOPICAL TERM | |
| Topical term or geographic name entry element | World politics |
| Chronological subdivision | 21st century |
| General subdivision | Forecasting. |
| 906 ## - LOCAL DATA ELEMENT F, LDF (RLIN) | |
| a | 7 |
| b | cbc |
| c | orignew |
| d | 2 |
| e | ncip |
| f | 20 |
| g | y-gencatlg |
| 942 ## - ADDED ENTRY ELEMENTS (KOHA) | |
| Source of classification or shelving scheme | |
| Koha item type | Book |
| Withdrawn status | Lost status | Damaged status | Not for loan | Collection code | Permanent Location | Current Location | Shelving location | Date acquired | Total Checkouts | Full call number | Barcode | Date last seen | Date last checked out | Price effective from | Koha item type |
|---|---|---|---|---|---|---|---|---|---|---|---|---|---|---|---|
| Centre for International Peace & Stability (CIPS) | Centre for International Peace & Stability (CIPS) | General Stacks | 10/02/2013 | 1 | 909.831 FRI 2012 | CIPS0002285 | 01/05/2026 | 12/01/2025 | 11/28/2013 | Book |
